header

Effective document and data management (Record no. 94744)

MARC details
000 -LEADER
fixed length control field 01432nam a2200349 a 4500
082 04 - DEWEY DECIMAL CLASSIFICATION NUMBER
Classification number 651.5
100 1# - MAIN ENTRY--AUTHOR NAME
Personal name Wiggins, Bob.
245 10 - TITLE STATEMENT
Title Effective document and data management
250 ## - EDITION STATEMENT
Edition statement 3rd ed.
260 ## - PUBLICATION, DISTRIBUTION, ETC. (IMPRINT)
Place of publication Surrey, England :
Name of publisher Gower Pub.,
Year of publication 2012.
300 ## - PHYSICAL DESCRIPTION
Number of Pages xvii, 243 p. :
Other physical details ill.
505 0# - FORMATTED CONTENTS NOTE
Formatted contents note pt. 1. Context -- pt. 2. The information life cycle -- pt. 3. Projects.
650 #0 - SUBJECT ADDED ENTRY--TOPICAL TERM
Topical Term Business records
Topical Term Business records
Topical Term Information storage and retrieval systems
856 40 - ELECTRONIC LOCATION AND ACCESS
Uniform Resource Identifier http://site.ebrary.com/lib/rucke/Doc?id=10561932

No items available.

© 2026 Rongo University
Contact us: librarian | system librarian | Rongo university